000
00369nam a2200133Ia 4500
003
GCL
008
140319s9999 xx 000 0 ara d
040
_a
GCL /
_c
GCL
245
1
0
_a
برجاء تسجيل وعاء اخر
650
0
4
_a
الاقتصاد الاسلامى
650
0
4
_a
النظام المالى فى الاسلام
650
0
4
_a
الربا
942
_2
ddc
_c
BK
999
_c
52401
_d
52401